000 02101cam a22005054i 4500
003 PE-LiUPU
005 20250731173112.0
008 190102s2018 ilu r 001 0 eng
020 _a0830852077
020 _a9780830852079
035 _a(Sirsi) a251242
049 _aPRUA
082 0 4 _a239
_bB15
_223
100 1 _aBaggett, David,
_eautor.
245 1 4 _aThe morals of the story :
_bgood news about a good God /
_cDavid Baggett and Marybeth Baggett.
264 1 _aDowners Grove :
_bInterVarsity Press,
_c2018.
300 _axii, 252 páginas ;
_c23 centímetros
336 _atext
_2rdacontent
337 _aunmediated
_2rdamedia
338 _avolume
_2rdacarrier
504 _aÍndice: páginas 295-302.
505 0 _aThe players -- The playbill: our focus and intended audience -- Spotlight: Socrates and Paul in Athens -- setting the stage -- The comeback of moral apologetics -- Stubborn moral facts -- Moral apologetics before the twentieth century -- Moral arguments in the twentieth century and beyond -- Intermission: answering Euthyphro -- the main characters -- Moral goodness -- Moral obligations -- Moral knowledge -- Moral transformation -- Moral providence -- enacting the comedy -- A gala performance -- Encore: a play at Mars Hill -- Curtain call.
526 _aSEG42
526 _aSEG41
526 _aSEG40
526 _aSEG39
526 _aP94
526 _aP87
526 _aP86
526 _aP85
526 _aP77
526 _aP76
526 _aP35
650 4 _aApologética.
_92321
650 4 _aÉtica cristiana.
_91047
650 4 _aDios (cristianismo).
_91578
650 0 _aDios
_xPrueba.
700 1 _aBaggett, Marybeth,
_eautor.
910 _adbm
_brri
_crri
_d20190102
942 _2ddc
_cBOOK
994 _aC0
_bPEPRU
596 _a1
999 _a239 B15
_wDEWEY
_c30667
_i79841
_f2021-11-10
_g4
_lCCODEBUL1
_mBUL
_p15.60
_r0
_sY
_tBOOK
_u2019-1-2
_xTEOLOGIA
_PP85
_0COMPRA
_1FCOMPR2
_o.STAFF. Colección Teología
_d30667
980 _81
_gALBERTO SANCHEZ Responsable de Automatización